000 00737cam a2200265 4500
008 090401t1996 xxu||||| |||| 00| 0 eng d
020 _a0852926421
035 _a(Sirsi) u52002
041 _aeng
050 _a658.99
100 _aDruker, Jan
245 _aManaging people in construction
260 _aLondon
_bIPD
_c1996
300 _aviii, 260p. ; 22cm.
350 _a15.95
650 _aCONSTRUCITON INDUSTRY
650 _aCONSTRUCTION MANAGEMENT
_96230
650 _aINSTITUTE OF PERSONNEL AND DEVELOPMENT
650 _aPERSONNEL MANAGEMENT
650 _aPROFESSIONAL DEVELOPMENT
690 _aMANAGEMENT-BUSINESS MANAGEMENT-PROFESSIONAL PRACTICE
700 _aWhite, Geoff
942 _n0
948 _c04/03/1997
999 _c92981
_d92981